logo

Bir Sreshtho Munshi Abdur Rouf Library
Jhenaidah Cadet College

রবি-রশ্মি : (Record no. 9946)

MARC details
000 -LEADER
fixed length control field 01046nam a2200241 a 4500
001 - CONTROL NUMBER
JCCL Control Number 9946
003 - CONTROL NUMBER IDENTIFIER
JCCL marc code BD-JhCC
005 - DATE AND TIME OF LATEST TRANSACTION
control field 20180403185051.0
008 - FIXED-LENGTH DATA ELEMENTS--GENERAL INFORMATION
fixed length control field 180403s1346 ii |||| |||| 000 0 mul d
035 ## - SYSTEM CONTROL NUMBER
system control number (BD-JhCC)9946
040 ## - CATALOGING SOURCE
Original cataloging agency BD-JhCC
Modifying agency BD-JhCC
041 ## - LANGUAGE CODE
Language code of Book Bengali & English
082 ## - DEWEY DECIMAL CLASSIFICATION NUMBER
Classification number 891.4409
Author mark and Year BON 1346
100 ## - MAIN ENTRY--PERSONAL NAME
Personal name বন্দ্যোপাধ্যায়, শ্রী কনক
245 ## - TITLE STATEMENT
Title রবি-রশ্মি :
Remainder of title পশ্চিম ভাগে [ক্ষণিকা হইতে তাসের দেশ পর্যন্ত] /
Statement of responsibility, etc শ্রী কনক বন্দ্যোপাধ্যায়,
250 ## - EDITION STATEMENT
Edition statement 5 th Edi.
260 ## - PUBLICATION, DISTRIBUTION, ETC. (IMPRINT)
Place of publication, distribution, etc কলকাতা :
Name of publisher, distributor, etc এ. মুখার্জী অ্যান্ড কোং প্রাইভেট লি:,
Date of publication, distribution, etc 1346.
300 ## - PHYSICAL DESCRIPTION
Pagination 402 p. :
Dimensions 22 cm.
500 ## - GENERAL NOTE
General note চারুচন্দ্র বন্দ্যোপাধ্যায় কর্তৃক বিশ্লেষিত
650 ## - SUBJECT ADDED ENTRY--TOPICAL TERM
Topical term or geographic name as entry element Bengali literature
942 ## - ADDED ENTRY ELEMENTS (KOHA)
Source of classification or shelving scheme Dewey Decimal Classification
Koha item type Books
Holdings
Source of classification or shelving scheme Damaged status Not for loan Home library Current library Shelving location Date of accession Cost, normal purchase price Total Checkouts Full call number Barcode Date last seen Copy number Koha item type
Dewey Decimal Classification     JCC Rouf Library JCC Rouf Library General Stacks 03/04/2018 7.50   891.4409 BON 1346 12865 04/03/2018 C-1 Books

JCC Library | Contacts | JCC Home

Last Update on 23 September 2017
Copyright @ 2017-2020 JCC Rouf Library
Rouf Library, Jhenidah Cadet College (JCC), Bangladesh